zpět

Detail výsledku týmu

Harry, Brno

Datum a čas kvízu

29 Celkem bodů Celkový počet nahraných bodů na tomto kvízu bez doplňovacích otázek.
11. Pořadí na kvízu Konečné umístění týmu na tomto kvízu.

Zaznamenané odpovědi

# Otázka Odpověď Body Výsledky
1. Která politická strana v kampa... SOCDEM (uznáváme i starší název ČSSD) 1
2. V okolí londýnské stanice metr... Burberry 1
3. Českých sci-fi filmů nebývá ka... Bod obnovy 0
4. V pondělí byla slavnostně zahá... až 13 000 návštěvníků 0
5. V neděli v Berlíně překonala 2... Etiopii 1
6. O jednom z šílenců na trůně ří... Caligula 1
7. Salvador Dalí coby extravagant... o mravenečníka 1
8. Dokážete přiřadit následující... 1B 2C 3D 4A 0
9. Jak se jmenuje kočka na obrázk... Micka 1
10. Sedmý prezident Spojených stát... A 0